Estatísticas para Trocadilhos Infames

Clique aqui para jogar o quiz

Estatísticas Gerais

  • Esse quiz foi jogado 181 vezes
  • A pontuação média é 48 de 74

Estatísticas das Respostas

DicaComplemento% Correto
Eu prefiro a Quina; o AyrtonSENNA
96%
Eu quero guerra; a BárbaraPAZ
91%
O Pateta usa teclado; o MickeyMOUSE
89%
Eu pinto telas, o JânioQUADROS
88%
Eu prefiro o Batman; o LucianoHUCK
87%
Eu sou fanho, a LadyGAGA
85%
yo soy malo, pero GalvãoBUENO
84%
Eu mando ele; o NélsonMANDELA
84%
Maria prefere rock; o ZecaPAGODINHO
83%
Tirei 10 na prova; o NXZERO
83%
Eu sou odiado, o JorgeAMADO
82%
Eu abasteço com gasolina; o VinDIESEL
82%
Eu bebo café, a CláudiaLEITE
82%
Prefiro o inverno; a VeraVERÃO
82%
Meu vinho é doce, o da DéboraSECCO
81%
Eu gosto do Chapolin; o HugoCHAVES
79%
Eu prefiro ciclone; a HildaFURACÃO
79%
Eu ponho barro; o DalaiLAMA
79%
Eu tenho tigre; a NaraLEÃO
79%
...e o SílvioSANTOS
79%
Uso telefone fixo; o ÉdsonCELULARI
77%
A Maria é do bairro chique; o MartinhoDA VILA
77%
Eu chego mais tarde; o EdirMACEDO
77%
Eu acordo tarde, mas o SeuMADRUGA
77%
Traga um cavalo que a MarisaMONTE
77%
Alguns preferem cereja; a CamilaPITANGA
77%
Eu não faço, mas a BettyFARIA
76%
Eu quebro mansões; a TatiQUEBRA BARRACOS
76%
Eu queria me chamar João; o RobertoCARLOS
74%
Eu prefiro Bombril, o BobESPONJA
74%
Eu tenho uma casa pequena, o WalterCASAGRANDE
73%
Saio de férias o ano que vem, a MarjorieESTIANO
73%
Uns têm unha encravada; a FridaKHALO
73%
Eu passo requeijão, o GuidoMANTEGA
72%
Eva prefere cravo, o MuriloROSA
72%
Eu tenho um fusca, a RitaCADILLAC
71%
Que Deus olhe por mim e que CelsoPORTIOLLI
71%
Meu xampu é Seda, o do EriJOHNSON
70%
Eu como camarão; o presidenteLULA
70%
Eu sou brasileiro; o RenatoRUSSO
70%
...e a VanessaDA MATA
68%
Meu relógio é comprado, o da NellyFURTADO
67%
Eu não queria, mas a CássiaKISS
67%
Uma barata! Deixa o MaurícioMATTAR
67%
Sou de Uberlândia; o DinhoOURO PRETO
66%
Eu como maçãzinha, a DaniBANANINHA
65%
Eu prefiro ônibus; o JamesBOND
65%
Paulo come uva, a MaríliaPÊRA
65%
Eu uso Havaianas; a TombRAIDER
62%
Gosto de cães, o VillaLOBOS
61%
...e o TonyTORNADO
60%
Eu prefiro o Citroen C3, o PabloPICASSO
59%
Todos morrem uma vez, mas a AlanisMORISSETTE
58%
Eu prefiro a Honda, a DanielaSUZUKI
58%
Eu gosto de Chiclete; o CarlinhosBALA
56%
O Steve vai aonde a AdrianaESTEVES
55%
Você escreve enquanto eu e a RuthLEMOS
55%
...e o MarcosPALMEIRA
55%
Eu sou honesto; o SérgioMALANDRO
54%
Gosto de comer torresmo; o KevinBACON
48%
Torço pelo São José, e a AnaBOTAFOGO
48%
Eu uso faca; o JoséSERRA
48%
João era pipoqueiro, o ZecaBALEIRO
40%
Tem gente que fala de morte; o capitãoNASCIMENTO
38%
Eu não vou furar; o JucaKFOURI
37%
Ele é sacana, o RobertoJUSTUS
36%
Todos choraram, mas o DamonHILL
35%
Ele cria galinha; o PauloCOELHO
34%
Eu gosto de sopa, o FelipeMASSA
33%
...e o StanislawPONTE PRETA
33%
Eu construo casas, a FernandaTORRES
33%
Eu pulo do barranco; o LucianoDO VALLE
26%
Eu vou ao shopping, o WalterMERCADO
22%
Vou a Madrid; o NeyLISBOA
14%

Distribuição das Pontuações

Percentil de Números Respondidos

Porcentagem de Pessoas com Cada Pontuação

Sua Pontuação Histórica

Você não jogou esse quiz